| 000 | 00977nam a2200277Ia 4500 | ||
|---|---|---|---|
| 003 | GCL | ||
| 005 | 20240530102416.0 | ||
| 008 | 140319s9999 xx 000 0 ara d | ||
| 020 | _a1065442977 | ||
| 040 |
_aGCL / _cGCL |
||
| 082 | 0 | 4 |
_a327.62053/ _bق/س ع _221 |
| 100 | 0 | _aسعد بدير الحلوانى | |
| 245 | 1 | 0 |
_aالعلاقات بين مصر والحجاز ونجد فى القرن 19 / _cسعد بدير الحلوانى |
| 250 | _aالثانية | ||
| 260 |
_a[S.N] : _bلجنة الاعلام والدراسات المستقبلية ، _c1995 |
||
| 300 |
_a335 ص ؛ _c24 سم |
||
| 650 | 0 | 4 | _aمصر |
| 650 | 0 | 4 | _aتاريخ |
| 650 | 0 | 4 | _aالاحوال السياسية |
| 650 | 0 | 4 | _aالحج |
| 650 | 0 | 4 | _aالسعودية |
| 650 | 0 | 4 | _aالاحوال الاقتصادية |
| 650 | 0 | 4 | _aالعلاقات الخارجية |
| 650 | 0 | 4 | _aمصر - تاريخ - العصر الحديث - عصر اسماعيل ( 1863-1879 م ) |
| 942 |
_2ddc _cBK |
||
| 999 |
_c32032 _d32032 |
||